000 00300nam a2200121Ia 4500
008 190216s9999||||xx |||||||||||||| ||und||
100 _aLuniya V N
245 0 _aEvolution Of Indian Culture
260 _bLakshmi Narain Agarwal Pub
_c1983
300 _a560p
650 _aIndian History
942 _cBK
999 _c19239
_d19239